000 00559nam a2200133Ia 4500
008 220216s9999 xx 000 0 und d
100 _aMathew F.
245 0 _aClonal variability in tension wood formation in the juvenile and mature growth phases of Hevea brasiliensis
260 _bIn: Preprints of Papers. International Natural Rubber Conference, India 2005, 6-8 November 2005, Rubber Research Institute of India, Kottayam, Kerala, India, pp. 107-113.
_c2005
650 _aClone evaluation
650 _aTension wood
700 _aReghu C.P.
942 _cBS
999 _c52645
_d52645